| 000 | 01170nam a2200217Ia 4500 | ||
|---|---|---|---|
| 003 | Ost | ||
| 005 | 20260507075020.0 | ||
| 008 | 260507s9999||||xx |||||||||||||| ||und|| | ||
| 040 | _cfsecg | ||
| 041 | _aara | ||
| 082 | _a658.8 | ||
| 100 |
_aالجياشي، علي _eمؤلف |
||
| 245 | 0 |
_aالتسعير : _bمدخل تسويقي / _c علي الجياشي |
|
| 260 |
_aعمان: _bمكتبة الراتب العلمية, _c2002 |
||
| 300 |
_a346 صفحة؛ _bإيضاحات ؛ _c24 سم |
||
| 520 | _aطبيعة وأهمية السعر- السعر والمزيج التسويقي- خطوات التسعير- العوامل المؤثرة في قرارات التسعير-التحليل الاقتصادي لأنواع السوق- أهداف التسويق-مدخل التسعير على أساس الكلفة-مدخل التسعير على أساس المنافسة- مدخل التسعير على أساس الطلب-مدخل التسعير على أساس القيمة -استراتيجية التسعير- التسعير المخصص | ||
| 653 | _aالتسويق | ||
| 653 | _aالتسويق-تكاليف | ||
| 653 | _aالتكاليف | ||
| 942 | _cكتاب | ||
| 999 |
_c42267 _d42267 |
||